00289nam a2200109Ia 4500008004100000041000800041100002900049245003300078260002100111700002800132999001900160241105s9999 xx 000 0 und d aeng aGhatage Anahita.9184172 aMedia Lab, Mumbai University bBNCA, Punec2018 aPatwardhan Ravi9208742 c361531d361531